| 000 | 00597nam a2200193 a 4500 | ||
|---|---|---|---|
| 001 | 000036913 | ||
| 005 | 20200930080021.0 | ||
| 008 | 120206s2011 dr 000 0 spa d | ||
| 020 | _a9780980037 | ||
| 040 |
_aDO-SdBNP _bspa _cBNPHU |
||
| 082 |
_axxxx _bM628, 2011 |
||
| 100 | 1 |
_aMiddleton, David L. _963304 |
|
| 240 | 1 | 0 | _aVictory over the forces of darkness |
| 245 | 1 | 0 |
_aVictoria sobre las fuerzas de las tinieblas. / _cDavid L. Middleton, Roger A. Hatfield. |
| 250 | _a3a ed. | ||
| 260 |
_a[s. l. : _bs. n.], _c2011. |
||
| 300 |
_a62 p. : _bils., retr. |
||
| 700 | 1 |
_aHatfield, Roger A. _963305 |
|
| 999 |
_c36403 _d36403 |
||